[Event "Veliko Gradiste Silver Lake op-B"]
[Site "Veliko Gradiste"]
[Date "2015.06.22"]
[Round "3"]
[White "Tomic, Slobodan"]
[Black "Cvetanovic, Damjan"]
[Result "1/2-1/2"]
[WhiteElo "2063"]
[BlackElo "1967"]
[PlyCount "131"]
[EventDate "2015.06.20"]
[EventType "swiss"]
[EventRounds "9"]
[EventCountry "SRB"]
[SourceTitle "CBM 167 Extra"]
[Source "ChessBase"]
[SourceDate "2015.09.14"]
[SourceVersion "1"]
[SourceVersionDate "2015.09.14"]
[SourceQuality "1"]

1. e4 e6 2. d4 d5 3. Nd2 Nf6 4. e5 Nfd7 5. Bd3 c5 6. c3 Nc6 7. Ne2 cxd4 8. cxd4 f6 9. exf6 Nxf6 10. 0-0 Bd6 11. Nf3 0-0 12. Nc3 e5 13. dxe5 Nxe5 14. Be2 Be6 15. Ng5 Qd7 16. Nxe6 Qxe6 17. Bg5 Ned7 18. Bxf6 Nxf6 19. Bf3 Rad8 20. Qb3 Kh8 21. Rfe1 Qf5 22. Ne2 b6 23. Ng3 Qg5 24. Rad1 h5 25. Qd3 Bc5 26. Qf5 Qxf5 27. Nxf5 Ne4 28. Nd4 Bxd4 29. Rxd4 Nf6 30. Red1 Rfe8 31. Kf1 Re5 32. Rc1 Re7 33. g3 g5 34. Be2 Kg7 35. Bd3 Rf8 36. h3 Ne4 37. Bxe4 dxe4 38. Ke2 Ref7 39. Rf1 Re8 40. Rfd1 Ree7 41. Rd6 Rf6 42. Rxf6 Kxf6 43. Ke3 Kf5 44. Rd5+ Re5 45. g4+ hxg4 46. hxg4+ Kf6 47. Kd4 Re6 48. b3 Rc6 49. Rf5+ Kg6 50. Kxe4 Rc2 51. a4 Rc3 52. Rf3 Rc5 53. Kd4 Rc2 54. Kd3 Rc8 55. Rf5 Rc7 56. f3 Rc8 57. a5 bxa5 58. Rxa5 Rc7 59. Ra6+ Kg7 60. Ke4 Rb7 61. Ra3 Rf7 62. Ke3 Rb7 63. Kd2 Rf7 64. b4 Kf6 65. Re3 Rb7 66. Kc3 1/2-1/2

[Event "Veliko Gradiste Silver Lake op-B"]
[Site "Veliko Gradiste"]
[Date "2015.06.20"]
[Round "1"]
[White "Tomic, Slobodan"]
[Black "Mijajlovic, Jovan"]
[Result "1-0"]
[WhiteElo "2063"]
[BlackElo "1771"]
[PlyCount "91"]
[EventDate "2015.06.20"]
[EventType "swiss"]
[EventRounds "9"]
[EventCountry "SRB"]
[SourceTitle "CBM 167 Extra"]
[Source "ChessBase"]
[SourceDate "2015.09.14"]
[SourceVersion "1"]
[SourceVersionDate "2015.09.14"]
[SourceQuality "1"]

1. d4 Nf6 2. c4 e6 3. Nf3 Bb4+ 4. Bd2 a5 5. a3 Bxd2+ 6. Nbxd2 0-0 7. e3 b6 8. Bd3 Bb7 9. 0-0 d6 10. e4 Nbd7 11. Rc1 Re8 12. Re1 e5 13. Bc2 exd4 14. Nxd4 Nc5 15. f3 a4 16. Nf1 Nh5 17. Qd2 g6 18. Bd1 Qf6 19. g3 Rad8 20. Nb5 c6 21. Nc3 d5 22. cxd5 cxd5 23. e5 Rxe5 24. Rxe5 Qxe5 25. Nxa4 Qd6 26. Qd4 Nxa4 27. Bxa4 Ng7 28. Nd2 Nf5 29. Qf2 d4 30. Bd1 b5 31. f4 Ne3 32. Bf3 Bd5 33. Be2 Qd7 34. Rc5 Rc8 35. Rxc8+ Qxc8 36. Bxb5 Qc1+ 37. Nf1 Qc5 38. Be2 Qc1 39. Bd3 Bg2 40. Qd2 Qa1 41. Qf2 Qc1 42. Qd2 Qa1 43. Qf2 Bxf1 44. Bxf1 Nxf1 45. Qxf1 Qxb2 46. a4 1-0

[Event "SRB Central-ch op-B 7th"]
[Site "Paracin"]
[Date "2014.07.11"]
[Round "9"]
[White "Tomic, Slobodan"]
[Black "Nikolic, Vladimir"]
[Result "1/2-1/2"]
[WhiteElo "2060"]
[BlackElo "1980"]
[PlyCount "65"]
[EventDate "2014.07.04"]
[EventType "swiss"]
[EventRounds "9"]
[EventCountry "SRB"]
[SourceTitle "CBM 161 Extra"]
[Source "ChessBase"]
[SourceDate "2014.08.29"]
[SourceVersion "1"]
[SourceVersionDate "2014.08.29"]
[SourceQuality "1"]

1. e4 Nf6 2. e5 Nd5 3. Nf3 d6 4. d4 Bg4 5. c4 Nb6 6. exd6 exd6 7. Be3 Be7 8. Bd3 0-0 9. h3 Bxf3 10. Qxf3 Nc6 11. Qd1 Bf6 12. Nc3 Bxd4 13. Bxd4 Nxd4 14. Bxh7+ Kxh7 15. Qxd4 Qe7+ 16. Kf1 Rae8 17. g3 a6 18. Kg2 Qe5 19. Qd3+ g6 20. Rhe1 Qc5 21. b3 f5 22. Rad1 Kg7 23. Qf3 Qc6 24. Qxc6 bxc6 25. f4 Nd7 26. Kf3 Nf6 27. b4 Kf7 28. a3 Rh8 29. h4 Ng4 30. Rc1 Nf6 31. Rcd1 Ng4 32. Rc1 Nf6 33. Rcd1 1/2-1/2

[Event "SRB Central-ch op-B 7th"]
[Site "Paracin"]
[Date "2014.07.09"]
[Round "7"]
[White "Konstantinov, Aleksandar1111"]
[Black "Tomic, Slobodan"]
[Result "1/2-1/2"]
[WhiteElo "1818"]
[BlackElo "2060"]
[PlyCount "166"]
[EventDate "2014.07.04"]
[EventType "swiss"]
[EventRounds "9"]
[EventCountry "SRB"]
[SourceTitle "CBM 161 Extra"]
[Source "ChessBase"]
[SourceDate "2014.08.29"]
[SourceVersion "1"]
[SourceVersionDate "2014.08.29"]
[SourceQuality "1"]

1. c4 e5 2. Nc3 c5 3. g3 Nc6 4. Bg2 g6 5. a3 a5 6. e4 Bg7 7. Nge2 Nge7 8. 0-0 0-0 9. d3 d6 10. Be3 h6 11. f4 f6 12. h3 b6 13. f5 g5 14. g4 Bd7 15. Ng3 Be8 16. Nd5 Rb8 17. a4 Nd4 18. Bxd4 exd4 19. Nxe7+ Qxe7 20. Bf3 Qe5 21. Kg2 Rf7 22. Qd2 Bf8 23. Rh1 Rh7 24. Rh2 Rbb7 25. b3 Rbg7 26. Rah1 Bf7 27. Bd1 Be8 28. Qf2 Bf7 29. Nf1 h5 30. gxh5 Bxh5 31. Bg4 Bxg4 32. hxg4 Rxh2+ 33. Rxh2 Rh7 34. Rxh7 Kxh7 35. Qf3 Kg8 36. Nd2 Kg7 37. Nb1 Kg8 38. Na3 Be7 39. Nb5 Bd8 40. Qf2 Kg7 41. Kf1 Kg8 42. Ke2 Kg7 43. Kd1 Kg8 44. Na3 Kg7 45. Nb1 Be7 46. Nd2 Bf8 47. Nf1 Kg8 48. Ng3 Bg7 49. Ne2 Bf8 50. Qg2 Bg7 51. Qh3 Qe7 52. Qh5 Qf7 53. Qh2 Qe7 54. Qh3 Bf8 55. Ng1 Qh7 56. Qg2 Qe7 57. Nf3 Bg7 58. Ke2 Bf8 59. Qh3 Qh7 60. Qg2 Qe7 61. Qg3 Kg7 62. Kf2 Kg8 63. Ke2 Qe8 64. Qh2 Qe7 65. Qg2 Kg7 66. Kf1 Kg8 67. Ng1 Qe5 68. Ne2 Qe7 69. Qg3 Qe5 70. Qh3 Qe7 71. Kg2 Qh7 72. Qg3 Qe7 73. Kf3 Qe5 74. Qh3 Qe7 75. Ng3 Bg7 76. Nh5 Bh8 77. Ng3 Bg7 78. Qh5 Qf7 79. Nh1 Qxh5 80. gxh5 Bf8 81. Nf2 Kf7 82. Nd1 Ke7 83. Kg4 Bh6 1/2-1/2

[Event "SRB Central-ch op-B 7th"]
[Site "Paracin"]
[Date "2014.07.04"]
[Round "1"]
[White "Maksimovic, Bojan"]
[Black "Tomic, Slobodan"]
[Result "1/2-1/2"]
[WhiteElo "1745"]
[BlackElo "2060"]
[PlyCount "80"]
[EventDate "2014.07.04"]
[EventType "swiss"]
[EventRounds "9"]
[EventCountry "SRB"]
[SourceTitle "CBM 161 Extra"]
[Source "ChessBase"]
[SourceDate "2014.08.29"]
[SourceVersion "1"]
[SourceVersionDate "2014.08.29"]
[SourceQuality "1"]

1. e4 e5 2. Nf3 Nc6 3. Bb5 Nge7 4. c3 g6 5. d4 Bg7 6. d5 Nb8 7. Be3 a6 8. Ba4 b5 9. Bb3 d6 10. a4 bxa4 11. Bxa4+ Nd7 12. Nbd2 0-0 13. Nc4 Nb6 14. Nxb6 cxb6 15. Bc2 Bd7 16. 0-0 Qc7 17. Bd3 a5 18. Qb3 Rfb8 19. Bb5 h6 20. Qa4 Bxb5 21. Qxb5 f5 22. exf5 gxf5 23. g3 Qb7 24. Rfd1 Qc8 25. Ra4 f4 26. Bc1 Qh3 27. Qf1 Qh5 28. Qg2 fxg3 29. Qxg3 Nf5 30. Qg4 Qxg4+ 31. Rxg4 Kh7 32. Nd2 b5 33. Kh1 Bf6 34. Ne4 Be7 35. f4 exf4 36. Rxf4 Rf8 37. Rdf1 Kg6 38. Rg1+ Kh7 39. Rgf1 Kg6 40. Rg1+ Kh7 1/2-1/2

[Event "SRB Central-ch op-B 5th"]
[Site "Paracin"]
[Date "2012.07.12"]
[Round "8"]
[White "Tomic, Slobodan"]
[Black "Milutinovic, Stefana"]
[Result "1-0"]
[WhiteElo "2090"]
[BlackElo "1896"]
[PlyCount "63"]
[EventDate "2012.07.06"]
[EventType "swiss"]
[EventRounds "9"]
[EventCountry "SRB"]
[SourceTitle "CBM 149 Extra"]
[Source "ChessBase"]
[SourceDate "2012.08.24"]
[SourceVersion "1"]
[SourceVersionDate "2012.08.24"]
[SourceQuality "1"]

1. d4 Nf6 2. c4 c5 3. Nf3 g6 4. Nc3 Bg7 5. e3 0-0 6. Be2 d6 7. 0-0 Nc6 8. d5 Nb8 9. Qc2 e6 10. Rd1 exd5 11. cxd5 Re8 12. Nd2 Nbd7 13. h3 a6 14. a4 Rb8 15. e4 Qe7 16. Re1 Nb6 17. a5 Na8 18. Nc4 Nd7 19. Bf4 Ne5 20. Qd2 Nxc4 21. Bxc4 b5 22. axb6 Rxb6 23. Ra2 Nc7 24. Qd3 Qd7 25. Na4 Rb4 26. b3 Rb8 27. Rae2 f6 28. Qg3 Bf8 29. Nxc5 dxc5 30. Bxc7 Rb4 31. e5 fxe5 32. Bxe5 1-0

[Event "SRB Central-ch op-B 5th"]
[Site "Paracin"]
[Date "2012.07.09"]
[Round "4"]
[White "Tomic, Slobodan"]
[Black "Stojkovic, Dragan D"]
[Result "1-0"]
[WhiteElo "2090"]
[BlackElo "1872"]
[PlyCount "81"]
[EventDate "2012.07.06"]
[EventType "swiss"]
[EventRounds "9"]
[EventCountry "SRB"]
[SourceTitle "CBM 149 Extra"]
[Source "ChessBase"]
[SourceDate "2012.08.24"]
[SourceVersion "1"]
[SourceVersionDate "2012.08.24"]
[SourceQuality "1"]

1. d4 d6 2. c4 Nd7 3. Nc3 e6 4. e4 Ne7 5. Nf3 Ng6 6. Be2 Be7 7. 0-0 0-0 8. Be3 Nf6 9. Qc2 Nh5 10. g3 Nf6 11. Rfd1 Qe8 12. h3 Nd7 13. Kh2 e5 14. Bg5 f6 15. Be3 Kh8 16. Ne1 Nb8 17. Bd3 Qd7 18. Bf1 Nc6 19. Ne2 f5 20. dxe5 Ncxe5 21. f4 fxe4 22. Qxe4 Qe6 23. Nc3 Nxc4 24. Qxc4 Qxe3 25. Qxc7 Nxf4 26. Ng2 Nxg2 27. Bxg2 Rf2 28. Rf1 Bxh3 29. Rxf2 Qxf2 30. Kxh3 Qf5+ 31. Kh2 Qf6 32. Qxb7 Rf8 33. Qe4 Qh6+ 34. Kg1 Bd8 35. Nd5 Qg5 36. Qd3 Bb6+ 37. Nxb6 Qc5+ 38. Kh2 axb6 39. Rf1 Qh5+ 40. Bh3 Re8 41. Qf3 1-0

[Event "SRB Central-ch op-B 5th"]
[Site "Paracin"]
[Date "2012.07.07"]
[Round "3"]
[White "Bouwmans, Erik"]
[Black "Tomic, Slobodan"]
[Result "0-1"]
[WhiteElo "1756"]
[BlackElo "2090"]
[PlyCount "26"]
[EventDate "2012.07.06"]
[EventType "swiss"]
[EventRounds "9"]
[EventCountry "SRB"]
[SourceTitle "CBM 149 Extra"]
[Source "ChessBase"]
[SourceDate "2012.08.24"]
[SourceVersion "1"]
[SourceVersionDate "2012.08.24"]
[SourceQuality "1"]

1. d4 Nf6 2. c4 c5 3. d5 b5 4. cxb5 a6 5. bxa6 Bxa6 6. Nc3 d6 7. e4 Bxf1 8. Kxf1 g6 9. h3 Bg7 10. g3 0-0 11. Kg2 Nbd7 12. Nf3 Qc7 13. Re1 Rfb8 0-1